MARC

LEADER 00000nam0a2200000 4500
001 355072
005 20231102010745.0
035 |a (RuTPU)RU\TPU\retro\12331 
035 |a RU\TPU\retro\12330 
090 |a 355072 
100 |a 20200630d1939 k y0rusy50 ca 
101 0 |a rus  |a eng 
102 |a RU 
105 |a a z 001zy 
200 1 |a Брединское каменноугольное месторождение  |f Е. А. Перепечина, В. С. Шехунов  |g Всесоюзный научно-исследовательский институт минерального сырья (ВИМС) 
210 |a Ленинград  |a Москва  |c ГОНТИ НКТП  |d 1939 
215 |a 92 с.  |c ил., карты 
225 1 |a Труды Всесоюзного научно-исследовательского института минерального сырья  |v Вып. 136 
320 |9 572  |a Библиогр.: с.86-88 
606 1 |a Месторождения полезных ископаемых, твердые  |2 stltpush  |3 (RuTPU)RU\TPU\subj\42252  |9 61939 
610 1 |a каменный уголь 
610 1 |a Брединское месторождение 
610 1 |a исторический очерк 
610 1 |a орография 
610 1 |a геологическое строение 
610 1 |a осадочные формации 
610 1 |a тектоника 
610 1 |a угленосность 
610 1 |a технические свойства 
675 |a 548.5  |v 4 
700 1 |a Перепечина  |b Е. А. 
701 1 |a Шехунов  |b В. С. 
712 0 2 |a Всесоюзный научно-исследовательский институт минерального сырья (ВИМС)  |c (Москва)  |c (1935-1991)  |2 stltpush  |3 (RuTPU)RU\TPU\col\18352 
801 1 |a RU  |b 63413507  |c 20171121 
801 2 |a RU  |b 63413507  |c 20200630  |g RCR 
942 |c BK